ბათუმის შოთა რუსთაველის სახელმწიფო უნივერსიტეტის ბიბლიოთეკა

იბერია-კოლხეთი = Iberia-Colchis : (ბიბ.ჩანაწერი № 61586)

000 -LEADER
fixed length control field 00799nam a22001937a 4500
005 - DATE AND TIME OF LATEST TRANSACTION
control field 20240326142224.0
008 - FIXED-LENGTH DATA ELEMENTS--GENERAL INFORMATION
fixed length control field 240326c2007 ge ||||| |||| 00| 0 geo d
022 ## - INTERNATIONAL STANDARD SERIAL NUMBER
International Standard Serial Number 1512-4207
041 ## - LANGUAGE CODE
Language code of text/sound track or separate title geo
245 ## - TITLE STATEMENT
Title იბერია-კოლხეთი = Iberia-Colchis :
Remainder of title 2007 /
Statement of responsibility, etc. მთ. რედ. გელა გამყრელიძე; ოთარ ლორთქიფანიძის არქეოლოგიის ცენტრი.
260 ## - PUBLICATION, DISTRIBUTION, ETC.
Place of publication, distribution, etc. თბილისი,
Date of publication, distribution, etc. 2003-
300 ## - PHYSICAL DESCRIPTION
Extent V.
653 ## - INDEX TERM--UNCONTROLLED
Uncontrolled term იბერია
653 ## - INDEX TERM--UNCONTROLLED
Uncontrolled term კოლხეთი
653 ## - INDEX TERM--UNCONTROLLED
Uncontrolled term არქეოლოგია
653 ## - INDEX TERM--UNCONTROLLED
Uncontrolled term პერიოდიკა
700 ## - ADDED ENTRY--PERSONAL NAME
Personal name გამყრელიძე, გელა
Relator term მთ. რედაქტორი
9 (RLIN) 21595
942 ## - ADDED ENTRY ELEMENTS (KOHA)
Source of classification or shelving scheme
Koha item type პერიოდიკა
ეგზემპლარები
Withdrawn status Lost status Source of classification or shelving scheme Damaged status Not for loan Permanent Location Current Location Date acquired Serial Enumeration / chronology Barcode Date last seen Copy number Uniform Resource Identifier Price effective from Koha item type
          ბათუმის შოთა რუსთაველის სახელმწიფო უნივერსიტეტის მთავარი ბიბლიოთეკა ბათუმის შოთა რუსთაველის სახელმწიფო უნივერსიტეტის მთავარი ბიბლიოთეკა 2024-03-26 # 3 (2007) 81137 2024-03-26 81137 ბსუ-ს საპატიო დოქტორის გურამ ლორთქიფანიძის საჩუქარი 2024-03-26 პერიოდიკა